| 000 | 01648cam a22003374a 4500 | ||
|---|---|---|---|
| 001 | 11800944 | ||
| 005 | 20020913145312.0 | ||
| 008 | 991001s2000 enka b 000 0 eng | ||
| 010 | _a99049686 | ||
| 020 | _a0521771641 | ||
| 040 |
_aDLC _cDLC _dDLC |
||
| 042 | _apcc | ||
| 050 | 0 | 0 |
_aQA76.76.C66 _bF68 2000 |
| 082 | 0 | 0 |
_a005.3 _221 _bFOU |
| 245 | 0 | 0 |
_aFoundations of Component-Based Systems / _cedited by Gary T. Leavens, Murali Sitaraman. |
| 260 |
_aCambridge, [England] ; _aNew York : _bCambridge University Press, _cc2000. |
||
| 300 |
_aix, 312 p. : _bill. ; _c26 cm. |
||
| 504 | _aIncludes bibliographical references. | ||
| 650 | 0 |
_aComponent software. _96438 |
|
| 650 | 0 |
_aSystem design. _96439 |
|
| 653 |
_bCS _cOctober2011 |
||
| 700 | 1 |
_aLeavens, Gary T. _96440 |
|
| 700 | 1 |
_aSitaraman, Murali. _96441 |
|
| 856 | 4 | 1 |
_3Table of contents _uhttp://www.loc.gov/catdir/toc/cam023/99049686.html |
| 856 | 4 | 2 |
_3Publisher description _uhttp://www.loc.gov/catdir/description/cam0210/99049686.html |
| 942 |
_2ddc _cBB |
||
| 999 |
_c11892 _d11892 |
||